000 00623nam a2200217 i 4500
001 bg
100 1 _aMOLSKI, Marian
245 1 0 _aPodstawy bezpieczeństwa systemów informatycznych /
_cMarian Molski.
260 _aBydgoszcz :
_b"MSG Media",
_ccop. 1998.
300 _a110 s. :
_brys. ;
_c24 cm.
504 _aBibliogr. s. 110.
650 9 _aPrzestępstwo komputerowe
_xzapobieganie i zwalczanie
650 9 _aSystemy informatyczne
_xochrona
020 _a8390945703
040 _cBPK
041 0 _apl
080 _a004.056
920 _a83-909457-0-3
942 _cKS
008 s pl f |000 0 pol
999 _c33487
_d33487
856 _uhttp://koha.tu.koszalin.pl/cgi-bin/koha/opac-detail.pl?biblionumber=33487
_yKatalog online BPK